| 000 | 00626nam a2200193 a 4500 | ||
|---|---|---|---|
| 005 | 20210223123530.0 | ||
| 008 | 991125s1971 mx 000 0 spa u | ||
| 035 | _aUPN01000055391 | ||
| 049 | _aSEP | ||
| 050 | 4 |
_aMT100 W22 _bW3.8 |
|
| 100 | 1 |
_aWagner, Wilhelm Richard, _d1813-1883 |
|
| 245 | 1 | 0 |
_aTannhäuser / _cRichard Wagner. |
| 260 |
_aMéxico : _bINBA, _c1971. |
||
| 300 |
_a34 p. : _bil. |
||
| 500 | _a"Opera de Richar Wagner, estrenada en el Teatro Real de Dresden, el domingo 19 de octubre de 1845" | ||
| 500 | _aTexto en español y alemán | ||
| 650 | 4 |
_aOPERAS - _vARGUMENTOS, TRAMAS, ETC. _91752 |
|
| 905 | _aLibro | ||
| 999 |
_c55391 _d55391 |
||